000
00258nam a2200133Ia 4500
100
_a
Rogan/ W.
942
_c
RB
654
_a
Welding
245
_a
Welding
260
_b
McGraw Hill
_a
Sydney
_c
1975
082
_a
671.52
300
_a
227
546
_a
ENGLISH
999
_c
24353
_d
24353